000 00227nam a2200085Ia 4500
008 120527s9999 xx 000 0 und d
100 _aRigid, E. Donalmd
245 _aIntroduction to industrial/organisatio psychology
942 _cBK
999 _c27502
_d27502